00991nam a2200253 a 4500001001000000003000500010005001700015008004100032010001100073011001100084020001800095040000900113082002000122245017000142260016200312300001100474490003700485650003400522650003400556650003800590700003700628700003500665830003700700000110269CHAP20220329144125.0140808s2013 mx |r| ||||||spa d a106731 a107703 a9786070247057 cCHAP04a633.150972bM2303aEl maíz en peligro ante los transgénicos :bun análisis integral sobre el caso de México /ccoordinado por Elena R. Álvarez-Buylla y Alma Piñeyro Nelson. aMéxico, D.F. :bUNAM. Centro de Investigaciones Interdisciplinarias en Ciencias y HumanidadesbUnión de Cientificos Comprometidos con la Sociedad,c2013. a567 p.0 aColección debate y reflexión14aMaízxGenéticazMéxico.14aMaízxVariedadeszMéxico.14aPlantas transgénicaszMéxico.0 aAlvarez-Buylla, Elena R.ecoord.1 aPiñeyro Nelson, Almaecoord. 0aColección debate y reflexión